Vogel's qualitative inorganic analysis / (Record no. 16757)

MARC details
000 -LEADER
fixed length control field 01273cam a22003495i 4500
001 - CONTROL NUMBER
control field 010695882
003 - CONTROL NUMBER IDENTIFIER
control field EG-ScBUE
005 - DATE AND TIME OF LATEST TRANSACTION
control field 20250812094206.0
008 - FIXED-LENGTH DATA ELEMENTS--GENERAL INFORMATION
fixed length control field 960226r19971979enka f b 001 0deng d
020 ## - INTERNATIONAL STANDARD BOOK NUMBER
International Standard Book Number 0582218667
020 ## - INTERNATIONAL STANDARD BOOK NUMBER
International Standard Book Number 9780582218666
040 ## - CATALOGING SOURCE
Original cataloging agency EG-ScBUE
Language of cataloging eng
Description conventions rda
Transcribing agency EG-ScBUE
Modifying agency EG-ScBUE
082 04 - DEWEY DECIMAL CLASSIFICATION NUMBER
Classification number 544
Edition number 22
Item number VOG
245 00 - TITLE STATEMENT
Title Vogel's qualitative inorganic analysis /
Statement of responsibility, etc revised by G. Svehla, Ph.D., DSC, FRSC, formerly professor of analytical chemistry, University College, Cork.
250 ## - EDITION STATEMENT
Edition statement Seventh edition.
264 #1 - PUBLICATION, DISTRIBUTION, ETC. (IMPRINT)
Place of publication, distribution, etc Harlow :
Name of publisher, distributor, etc Longman,
Date of publication, distribution, etc 1997.
300 ## - PHYSICAL DESCRIPTION
Extent 347 pages :
Other physical details illustrations ;
Dimensions 26 cm
336 ## - CONTENT TYPE
Source rdacontent
Content type term text
Content type code txt
337 ## - MEDIA TYPE
Media type term unmediated
Source rdamedia
Media type code n
338 ## - CARRIER TYPE
Carrier type term volume
Carrier type code nc
Source rdacarrier
500 ## - GENERAL NOTE
General note Reprint of 1996 edition.
500 ## - GENERAL NOTE
General note Pearson Education print on demand edition.
504 ## - BIBLIOGRAPHY, ETC. NOTE
Bibliography, etc Includes bibliographical references and index.
600 1# - SUBJECT ADDED ENTRY--PERSONAL NAME
Personal name Vogel, Arthur I.
Fuller form of name (Arthur Israel)
Source of heading or term BUEsh
650 #7 - SUBJECT ADDED ENTRY--TOPICAL TERM
Topical term or geographic name as entry element Chemistry, Analytic
General subdivision Qualitative.
9 (RLIN) 30060
Source of heading or term BUEsh
650 #7 - SUBJECT ADDED ENTRY--TOPICAL TERM
Topical term or geographic name as entry element Chemistry, Inorganic.
9 (RLIN) 6017
Source of heading or term BUEsh
653 1# - INDEX TERM--UNCONTROLLED
Resource For college Generalities
-- Engineering, Chemical
Arrived date list June2012
-- February2013
-- February2018
655 ## - INDEX TERM--GENRE/FORM
Form subdivision Students Projects
700 1# - ADDED ENTRY--PERSONAL NAME
9 (RLIN) 30059
Personal name Svehla, G.,
Relator term editor.
942 ## - ADDED ENTRY ELEMENTS (KOHA)
Source of classification or shelving scheme Dewey Decimal Classification
Koha item type Book - Borrowing
Holdings
Withdrawn status Lost status Source of classification or shelving scheme Damaged status Not for loan Collection code Home library Current library Shelving location Date acquired Source of acquisition Cost, normal purchase price Serial Enumeration / chronology Total Checkouts Total Renewals Full call number Barcode Date last seen Date checked out Koha item type Checked out Price effective from
    Dewey Decimal Classification     Baccah Central Library Central Library First floor 07/06/2012 Donation 200.00 15252 2 21 544 VOG 000026804 15/07/2025 07/02/2017 Book - Borrowing    
    Dewey Decimal Classification     Baccah Central Library Central Library First floor 27/06/2012 Donation 200.00 15361 3   544 VOG 000026887 15/07/2025 01/12/2014 Book - Borrowing    
    Dewey Decimal Classification     Baccah Central Library Central Library First floor 10/02/2013 Donation         544 VOG 000028138 15/07/2025   NB - Book (Non borrowing)    
    Dewey Decimal Classification     Baccah Central Library Central Library First floor 10/02/2013 Donation     2 61 544 VOG 000028139 10/11/2014 10/11/2014 Book - Borrowing 07/06/2025  
    Dewey Decimal Classification     Baccah Central Library Central Library First floor 10/02/2013       4 3 544 VOG 000028140 15/07/2025 19/11/2024 Book - Borrowing    
    Dewey Decimal Classification     Baccah Central Library Central Library First floor 10/02/2013       3   544 VOG 000028141 15/07/2025 29/01/2017 Book - Borrowing    
    Dewey Decimal Classification     Baccah Central Library Central Library First floor 10/02/2013 Purchase     1 1 544 VOG 000028142 15/07/2025 12/02/2015 Book - Borrowing    
    Dewey Decimal Classification     Baccah Central Library Central Library First floor 10/02/2013 Purchase     1 40 544 VOG 000028143 28/09/2025 25/11/2024 Book - Borrowing    
    Dewey Decimal Classification     Baccah Central Library Central Library First floor 10/02/2013       2 14 544 VOG 000028144 15/07/2025 10/02/2016 Book - Borrowing    
    Dewey Decimal Classification     Baccah Central Library Central Library First floor 10/02/2013       4 32 544 VOG 000028145 15/07/2025 03/12/2024 Book - Borrowing    
    Dewey Decimal Classification     Baccah Central Library Central Library First floor 04/02/2018 Donation         544 VOG 000047223 15/07/2025   Book - Borrowing   04/02/2018